Responses for Show #4813 - Wednesday, July 6, 2005

David Madden game 2.

Contestants

[<< previous game]

Cheryl Bush, an accountant from Selah, Washington

Michael Segal, an aspiring teacher from Carlsbad, California

David Madden, a student originally from Ridgewood, New Jersey (whose 1-day cash winnings total $16,400)

[next game >>]

Jeopardy! Round responses

THE HIGH COST OF LIVING
INSPIRED SONGS
PAYING TRIBUTE
I'LL HAVE SECONDS
(Alex: From the King James version, we have...)
NEW TESTAMENT QUOTES
KANGAROO WORDS
(Alex: ...words containing their own synonym within themselves. I'll give you an example. "To encourage is to get you to do this." What is urge? "Urge" is contained in "encourage". The letters do not necessarily follow each other in the same order as the parent word.)
    $200 5
the cost of a gallon of gas

Michael
    $200 26
(Alex: Was that the only boxer you knew?)
(Cheryl: Pretty much.)

Muhammad Ali

Cheryl
    $200 12
the Huns

David
    $200 7
second cousin

David
    $200 14
blood

Michael
    $200 13
round

David
    $400 6
eggs

David
    $400 16
"Candle in the Wind"

David
    $400 4
silk

Cheryl
    $400 8
second lieutenant

Cheryl
    $400 18
John the Baptist

David
    $400 15
rain

Michael
    $600 17
apples

Cheryl
    $600 23
Puff Daddy

Michael
    $600 3
the Vikings (or the Danes)

David
    $600 9
What

Michael
    $600 27
hallowed be thy name

David
    $600 19
tutor

David
    $800 20
the Staten Island Ferry

Cheryl
    $800 24
"Hey Jude"

Michael
    $800 1
Charlemagne

David
    $800 10
second sight

Michael
    $800 28
the life

Cheryl
    $800 21
big

Michael
    $1000 30
(Michael: What is Action Comics?)

DC Comics

MichaelCheryl
    $1000 25
Joey Gallo

Triple Stumper
    $1,000 2
Tripoli

David
    $1000 11
Bob Dole

David
    $1000 29
Saint Matthew

Triple Stumper
    $1000 22
save

Michael

Scores at the first commercial break (after clue 15):

David Michael Cheryl
$4,400 $2,200 $800

Scores at the end of the Jeopardy! Round:

David Michael Cheryl
$6,400 $4,400 $4,200

Double Jeopardy! Round responses

THE HIGH COST OF DYING
CELEBRITY CRITTERS
BUILDING VOCABULARY
NONFICTION
ANTS
GIVE IT A "PUSH"
    $400 7
the Shah of Iran

David
    $400 1
the Little Big Horn

David
    $400 2
siding

Triple Stumper
    $400 23
Profiles in Courage

David
    $400 30
army ants

Cheryl
    $400 27
push-ups

Michael
    $800 11
Leif Erickson

David
    $800 19
Rin Tin Tin

Michael
    $800 5
shake

Cheryl
    $800 24
Sam Walton

David
    $800 29
the queen

Triple Stumper
    $800 16
pushpins

David
    $1200 10
Alexander the Great

David
    $1200 20
The Little Rascals

Michael
    $1200 6
an atrium

David
    $1200 12
The Dilbert Principle

David
    $5 26
(Alex: You have a lot of money. Want to make it a True Daily Double?)
[David shakes his head]

aphids

David
    $1200 15
a pushmi-pullyu

David
    $1,600 8
Stonewall Jackson

David
    $1600 21
Scout

Triple Stumper
    $1600 17
the cornerstone

Cheryl
    $1600 3
The Greatest Generation

Michael
    $1600 25
(Alex: We have less than a minute to go now, David.)

spiracles

Triple Stumper
    $1600 13
(Michael: What is The Rainbow Coalition?)
(Daivd: What is the Rainbow Push Coalition?)

Operation Push

DavidMichael
Triple Stumper
    $2000 9
the Hapsburgs

David
    $2000 22
Gunsmoke

Michael
    $2000 18
pressure-treated

Triple Stumper
    $2000 4
Joy Adamson

Triple Stumper
    $2000 28
formic acid

Triple Stumper
    $2000 14
(Aleksandr) Pushkin

David

Scores at the end of the Double Jeopardy! Round:

David Michael Cheryl
$18,805 $8,800 $7,000
(lock game)

[wagering suggestions for these scores]

Final Jeopardy! Round responses

PEOPLE IN GOVERNMENT
(Alex: [To David] He could not be caught in this game. And he came up with "Who is Valeri?" Who's that?)
(David: My girlfriend.)
(Alex: Thank you!)
CherylWho is Greenspan
$4,000
MichaelWho is ?
$1,700
DavidWho is Valeri?
$5
Alan Greenspan (Chairman of the Federal Reserve)

Final scores:

David Michael Cheryl
$18,800 $7,100 $11,000
2-day champion: $35,200 3rd place: $1,000 2nd place: $2,000

Game dynamics:

Coryat scores:

David Michael Cheryl
$20,000 $8,800 $7,000
26 R
(including 3 DDs),
1 W
14 R,
2 W
10 R,
0 W

Combined Coryat: $35,800

[game clues] [game scores] [suggest correction]

Game tape date: 2004-12-14
The J! Archive is created by fans, for fans. Scraping, republication, monetization, and malicious use prohibited; this site may use cookies and collect identifying information. See terms. The Jeopardy! game show and all elements thereof, including but not limited to copyright and trademark thereto, are the property of Jeopardy Productions, Inc. and are protected under law. This website is not affiliated with, sponsored by, or operated by Jeopardy Productions, Inc. Join the discussion at JBoard.tv.